1229 1773 1597 1343 1560 1536 1702 1207 1449 1318 1757 1509 1581 1652 1954 1492 1001 1669 1277 1889 1542 1638 1840 1396 1751 1634 1115 1332 1650 1629 1132 1786 1385 1731 1466 1499 1045 1252 1982 1173 1362 1240 1951 1173 1556 1203 1923 1822 1444 1971 1172 1918 1606 1102 1818 1320 1082 1657 1132 1633 1633 1377 1827 1864 1751 1179 1304 1139 1267 1498 1517 1264 1378 1633 1752 1200 1103 1940 1775 1199 1638 1448 1476 1852 1830 1828 1168 1947 1014 1057 1845 1150 1835 1878 1893 1134 1457 1471 1170 BCNSPRNW ULIB Ver.6.0+V

เปลี่ยนเป็นภาษาไทย

Change to English
 แสดงรายละเอียดบรรณานุกรม
  กลับหน้าหลัก

Brief Record : Get Marc (ISO 2709) : E-mail record : QR code < ปิดหน้าต่าง
LEADER : 00000nam 2200000uu 4500
001    13399114571
003     ULIB
008    120418s2547||||th 000 0 tha d
020    ^a9749244524
090    ^aนว.^bค181 2547
100 0  ^aรวมผู้แต่ง
245 00 ^aความรู้สึกดี...ที่เรามีกัน/^cรวมผู้แต่ง
250    ^aพิมพ์ครั้งที่ 2
260    ^aกรุงเทพฯ :^bแจ่มใส,^c2547
300    ^a233 หน้า
710 1  ^aแจ่มใส
945    ^p149^l0^i18155
995    ^aกัณชพร
999    ^aใช้งานได้ทุกระบบ
รายการนี้ยังไม่มีแท็ก
คุณยังไม่ได้ล็อกอิน คุณสามารถมีกิจกรรมร่วมกับเว็บไซต์ได้ แต่ต้องล็อกอินก่อน ::
  ล็อกอิน

รายการสื่อสารสนเทศ

ลำดับที่ ประเภท เลขเรียก/บาร์โค้ด สถานที่ สถานะ
1. นวนิยาย
นวนิยาย
นว. ค181 2547  
  Barcode: 18155
ห้องสมุดวิทยาเขตสวรรค์ประชารักษ์
►นวนิยาย
บนชั้น
  ขอยืม

BibComment


ยังไม่เคยถูกคอมเมนท์

คอมเมนท์ทรัพยากรรายการนี้
  คอมเมนท์: ความรู้สึกดีที่เ..


 Copyright 2026. Bcnsprnw @Library